|
|
|
|
| LEADER |
01665cas a2200241 a 4500 |
| 001 |
AALejournalIMF009199 |
| 008 |
230101c9999 xx r poo 0 0eng d |
| 020 |
|
|
|c 5.00 USD
|
| 020 |
|
|
|z 9781451846287
|
| 022 |
|
|
|a 1018-5941
|
| 040 |
|
|
|a BD-DhAAL
|c BD-DhAAL
|
| 100 |
1 |
|
|a Bayoumi, Tamim.
|
| 245 |
1 |
0 |
|a Who Needs Bands? :
|b Exchange Rate Policy Before Emu /
|c Tamim Bayoumi.
|
| 264 |
|
1 |
|a Washington, D.C. :
|b International Monetary Fund,
|c 1995.
|
| 300 |
|
|
|a 1 online resource (20 pages)
|
| 490 |
1 |
|
|a IMF Working Papers
|
| 500 |
|
|
|a <strong>Off-Campus Access:</strong> No User ID or Password Required
|
| 500 |
|
|
|a <strong>On-Campus Access:</strong> No User ID or Password Required
|
| 506 |
|
|
|a Electronic access restricted to authorized BRAC University faculty, staff and students
|
| 520 |
3 |
|
|a Two issues are discussed. The first is which countries might benefit from entry into EMU before the millennium. Germany and her immediate neighbors appear the most likely to gain; however, our knowledge is too uncertain to say whether all, some, or no countries would reap net economic benefits. The second issue is how to avoid exchange rate instability in the transition to EMU. Experience from earlier exchange rate regimes suggests that an early announcement the parities at which different currencies would enter EMU could reduce such instability if governments were willing to accept the required limitations on domestic policies.
|
| 538 |
|
|
|a Mode of access: Internet
|
| 830 |
|
0 |
|a IMF Working Papers; Working Paper ;
|v No. 1995/043
|
| 856 |
4 |
0 |
|z Full text available on IMF
|u http://elibrary.imf.org/view/journals/001/1995/043/001.1995.issue-043-en.xml
|z IMF e-Library
|